Development studies between fashion and reality: reflections on a norwegian impasse /

Gardado en:
Detalles Bibliográficos
Autor Principal: Törnquist, Olle
Formato: Texto
Materias:
Etiquetas: Engadir etiqueta
Sen Etiquetas, Sexa o primeiro en etiquetar este rexistro!

MARC

LEADER 00000 a a2200000 04500
001 8184
003
040
100 |a Törnquist, Olle  
245 |a Development studies between fashion and reality:   |b reflections on a norwegian impasse /  |c Olle Törnquist 
650 |a INVESTIGACION  
650 |a DESARROLLO CIENTIFICO  
650 |a INVESTIGACION Y DESARROLLO  
650 |a INVESTIGADORES  
650 |a DESARROLLO DE LA EDUCACION  
773 |g volumen 29, número 1; páginas 93-117  
999 |c 31282  |d 31282